OPEN INNOVATION THE NEW IMPERATIVE FOR C (Record no. 28716)
[ view plain ]
| 000 -LEADER | |
|---|---|
| fixed length control field | 00371nam a2200133Ia 4500 |
| 008 - FIXED-LENGTH DATA ELEMENTS--GENERAL INFORMATION | |
| fixed length control field | 240624s9999 xx 000 0 und d |
| 041 ## - LANGUAGE CODE | |
| Language code of text/sound track or separate title | eng |
| 082 ## - DEWEY DECIMAL CLASSIFICATION NUMBER | |
| Classification number | 658.4063 CHE |
| 100 ## - MAIN ENTRY--PERSONAL NAME | |
| Personal name | CHESBROUGH HENRY |
| 245 ## - TITLE STATEMENT | |
| Title | OPEN INNOVATION THE NEW IMPERATIVE FOR C |
| 260 ## - PUBLICATION, DISTRIBUTION, ETC. | |
| Date of publication, distribution, etc. | 2006 |
| Place of publication, distribution, etc. | New Delhi |
| Name of publisher, distributor, etc. | Harvard Business Publishing |
| 300 ## - PHYSICAL DESCRIPTION | |
| Extent | xxxi, : 227 : p. : cm. ; 22 |
| 365 ## - TRADE PRICE | |
| Currency code | RS |
| Withdrawn status | Lost status | Damaged status | Not for loan | Home library | Current library | Shelving location | Date acquired | Cost, normal purchase price | Full call number | Barcode | Date last seen | Copy number | Price effective from | Koha item type |
|---|---|---|---|---|---|---|---|---|---|---|---|---|---|---|
| IMTN | IMTN | Rack 31-A | 05/17/2017 | 695.00 | 658.4063 CHE | 28716 | 06/24/2024 | 1 | 06/24/2024 | Books |